Statistics for Countries that have Controlled Rome

Click here to take the quiz!

General Stats

  • This quiz has been taken 49 times
  • The average score is 8 of 12

Answer Stats

Answer% Correct
Italy
98%
Germany
96%
Rome
93%
France
89%
Papal States
76%
Roman Empire
67%
Byzantine Empire
64%
Western Roman Empire
56%
French Empire
47%
Lombard Kingdom
36%
Kingdom of Odoacer
22%
Ostrogothic Kingdom
20%

Score Distribution

Percentile by Number Answered

Percent of People with Each Score

Your Score History

You have not taken this quiz